000 00605nam a2200217 a 4500
001 000022955
005 20200930021907.0
008 101123s1983 mx 000 p spa d
020 _z9684290324
040 _aDO-SdBNP
_bspa
_cBNPHU
082 _aU861.44
_bB462in, 1983
100 1 _aBenedetti, Mario,
_d1920-2009
_911959
245 1 0 _aInventario :
_bpoesía completa /
_cMario Benedetti.
250 _a8a ed.
260 _aMéxico :
_bNueva imagen,
_c1983.
300 _a522 p. ;
_c21 cm.
650 4 _aPoesía uruguaya
_93846
650 4 _aLiteratura uruguaya
_93054
910 _aWM
049 _aBNGR
999 _c22452
_d22452